000 00570nam a2200229Ia 4500
003 OSt
005 20220926044035.0
006 a|||||r|||| 00| 0
007 ta
008 220923b |||||||| |||| 00| 0 eng d
037 _cGeneral Book
040 _aRTL
_cRTL
_beng
041 _2eng
_aeng
082 _aTOY1:1, J2;J8
100 _aSaiyidain K G
245 0 _aEducation, culture and the social order
250 _a2
260 _c1958
650 _aEducation
942 _hTOY1:1, J2;J8
_cGB
_2CC
999 _c673810
_d673810